000
00322nam a22001337a 4500
008
170516b xxu||||| |||| 00| 0 eng d
020
_a
9780765610089
041
_a
eng
080
_2
2ND
_a
94 (6)
100
_a
16
101
_a
SHH
245
_a
THE WORLD AND A VERY SMALL PLACE IN AFRICA
_c
WRIGHT, D.R
942
_2
udc
_c
BK
999
_c
13333
_d
13333